Rediseño eléctrico de la Estación Experimental Agrícola Fabio Baudrit Moreno
Sábháilte in:
| Príomhchruthaitheoir: | |
|---|---|
| Rannpháirtithe: | , , , |
| Formáid: | LEABHAR |
| Teanga: | Spanish |
| Foilsithe / Cruthaithe: |
San José, [Costa Rica]
2017
|
| Ábhair: | |
| Clibeanna: |
Cuir clib leis
Níl clibeanna ann, Bí ar an gcéad duine le clib a chur leis an taifead seo!
|
MARC
| LEADER | 00000nam a22000007a 4500 | ||
|---|---|---|---|
| 003 | 012682 | ||
| 005 | 20231129111752.0 | ||
| 008 | 171003b2017 cr a|||| m||| 00| ||spa d | ||
| 040 | |c cru CEDI | ||
| 090 | |a TFG 7833 | ||
| 100 | |a Vásquez Hernández, Didier, 1990- |9 1920 | ||
| 245 | |a Rediseño eléctrico de la Estación Experimental Agrícola Fabio Baudrit Moreno | ||
| 260 | |a San José, [Costa Rica] |c 2017 | ||
| 300 | |a xi, 75[59] hojas ; ilustraciones | ||
| 500 | |a "IE-0499 Proyecto eléctrico”, Proyecto de graduación (bachillerato en ingeniería eléctrica)--Universidad de Costa Rica. Facultad de Ingeniería. Escuela de Ingeniería Eléctrica | ||
| 501 | |a Profesor Guía de IE-0499 Proyecto Eléctrico: Ph.D, José David Rojas Fernández | ||
| 650 | |x SISTEMAS DE TELECOMUNICACION - MEDIDAS DE SEGURIDAD - NORMAS |x INSTALACIONES ELECTRICAS - DISEÑO |x SISTEMAS DE TELECOMUNICACION - DISEÑO |x INSTALACIONES ELECTRICAS - MEDIDAS DE SEGURIDAD - NORMAS | ||
| 700 | |a Solís Calvo, Luis Manuel, 1990- |9 1923 | ||
| 700 | |a Ramírez Artavia, Wilberth, 1990- |9 1922 | ||
| 700 | |a Tenorio Wong, Luis Gerardo, 1991- |9 1921 | ||
| 700 | |a Rojas Fernández, José David, 1984- |d Director de Proyecto Eléctrico |9 701 | ||
| 942 | |c TFG |h TFG 7833 |i 012682 |6 TFG_7833_012682000000000 | ||
| 999 | |c 19069 |d 19069 | ||
